MARC

Tag First Indicator Second Indicator Subfields
LEADER 00000nam a2200000 i 4500
001 in00004632016
003 OCoLC
005 20220927225811.4
006 m o d
007 cr cnu---unuuu
008 220131s2022 lauab ob 001 0 eng
010 |a  2021060811 
024 8 |a 40031449636 
040 |a DLC  |b eng  |e rda  |c DLC  |d OCLCO  |d OCLCF  |d OCL  |d YDX 
019 |a 1294397979 
020 |a 9780807178331  |q electronic book 
020 |a 0807178330  |q electronic book 
020 |a 9780807178348  |q electronic book 
020 |a 0807178349  |q electronic book 
020 |z 9780807178010  |q hardcover 
035 |a (OCoLC)1294400168  |z (OCoLC)1294397979 
042 |a pcc 
043 |a n-us-ms 
050 4 |a HV6533.M7  |b B76 2022 
082 0 0 |a 364.15209762  |2 23/eng/20220131 
100 1 |a Brown, Trent,  |d 1965-  |e author. 
245 1 0 |a Roadhouse justice :  |b Hattie Lee Barnes and the killing of a white man in 1950s Mississippi /  |c Trent Brown. 
264 1 |a Baton Rouge :  |b Louisiana State University Press,  |c [2022] 
300 |a 1 online resource ( x, 212 pages) :  |b illustrations, maps. 
336 |a text  |b txt  |2 rdacontent 
337 |a computer  |b c  |2 rdamedia 
338 |a online resource  |b cr  |2 rdacarrier 
504 |a Includes bibliographical references and index. 
588 |a Description based on online resource; title from digital title page (viewed on September 27, 2022). 
600 1 0 |a Craft, Lamar  |d 1928-1951. 
600 1 0 |a Barnes, Hattie Lee. 
650 0 |a Justifiable homicide  |z Mississippi  |z Pike County  |v Case studies. 
650 0 |a Racism against Black people  |z Mississippi  |z Pike County  |v Case studies. 
650 0 |a Racism in criminal justice administration  |z Mississippi  |z Pike County  |v Case studies. 
650 0 |a Pike County (Miss.)  |x Race relations. 
650 7 |a Racism against Black people.  |2 fast  |0 (OCoLC)fst02029244 
650 7 |a Justifiable homicide.  |2 fast  |0 (OCoLC)fst00985239 
650 7 |a Racism in criminal justice administration.  |2 fast  |0 (OCoLC)fst02025479 
651 7 |a Mississippi  |z Pike County.  |2 fast  |0 (OCoLC)fst01209219 
655 7 |a Electronic books.  |2 local 
710 2 |a EBSCOhost 
776 1 8 |i Print version:  |a Brown, Trent, 1965-  |t Roadhouse justice  |d Baton Rouge : Louisiana State University Press, [2022]  |z 9780807178010  |w (DLC) 2021060810 
856 4 0 |u http://proxy.library.tamu.edu/login?url=https://search.ebscohost.com/login.aspx?direct=true&scope=site&db=nlebk&db=nlabk&AN=3264881  |z Connect to the full text of this electronic book  |t 0 
945 |b 526685 
955 |a YBP purchased approval e-records 
980 |b ebook  |c 40031449636  |f NONFIC/B  |g 565751  |k USD  |m 52.71  |q 1  |s AcqMono Conventional  |t Approval plan  |u Vendor order reference number  |v ZYBP  |y E-approvals  |z Electronic resource 
999 f f |i 3afe9990-f5e9-47f6-b23f-aab26c0df02c  |s 42c71226-5645-4d5b-a2ac-8bd439f473bf  |t 0 
952 f f |a Texas A&M University  |b College Station  |c Electronic Resources  |s www_evans  |d Available Online  |t 0  |e HV6533.M7 B76 2022  |h Library of Congress classification